000 00509nam a2200193Ia 4500
003 OSt
005 20221007083119.0
006 a|||||r|||| 00| 0
007 ta
008 221006b |||||||| |||| 00| 0 eng d
024 _a23,382
037 _cDissertations
040 _aFLL
_cFLL
_beng
041 _2eng
_aeng
100 _aSharma Om Parkash
_9700302
245 0 _aTreaties and third parties under Vienna convention 1969
942 _cDIS
_2CC
999 _c1168852
_d1168852